|
|
|
|
| LEADER |
00000cam a2200000 a 4500 |
| 001 |
vtls001116493 |
| 003 |
SK-MaSNL |
| 005 |
20260413115314.0 |
| 008 |
250414s1979 xo grn 00000 slo |
| 015 |
|
|
|a SNBA1979/07
|
| 020 |
|
|
|q (viaz.)
|
| 035 |
|
|
|a SNK000059336
|
| 040 |
|
|
|a SNK
|b slo
|c SNK
|e AACR2
|
| 041 |
0 |
|
|a slo
|
| 043 |
|
|
|a e-xo---
|
| 044 |
|
|
|a xo
|c SK
|
| 072 |
|
7 |
|a 323
|x Vnútropolitický vývoj, politický život
|2 konspekt
|
| 072 |
|
7 |
|a 322
|x Politika a náboženstvo. Vzťahy medzi cirkvou a štátom
|2 konspekt
|
| 072 |
|
7 |
|a 08
|x Súborné diela
|2 konspekt
|
| 080 |
|
|
|a 322(437.6)"1939/1968"(035.3)
|2 1981
|
| 080 |
|
|
|a 323.25/.26:329.15
|2 2011
|
| 080 |
|
|
|a 316.75
|2 2011
|
| 080 |
|
|
|a (437.6)
|2 2011
|
| 080 |
|
|
|a (048.8)
|2 2011
|
| 080 |
|
|
|a 322:329.3
|2 2001
|
| 100 |
1 |
|
|a Dányi, Ondrej,
|d 1930-
|4 aut
|9 99273
|
| 245 |
1 |
0 |
|a Politici v sutanách
|b klerikálny antikomunizmus a jeho prejavy na Slovensku
|c Ondrej Dányi
|
| 250 |
|
|
|a 1. vyd.
|
| 260 |
|
|
|a Bratislava
|b Obzor
|c 1979
|
| 300 |
|
|
|a 170 s.
|c 21 cm
|
| 366 |
|
|
|e 1000 výtl.
|
| 504 |
|
|
|a Bibliografia
|
| 648 |
|
7 |
|a 1939-1968
|2 SNKPH
|9 450997
|
| 650 |
0 |
7 |
|a antikomunizmus
|2 SNKPH
|9 4750
|
| 650 |
0 |
7 |
|a klerikalizmus
|2 SNKPH
|9 4711
|
| 650 |
0 |
7 |
|a ideológia
|2 SNKPH
|9 114922
|
| 651 |
|
7 |
|a Slovensko
|2 SNKPHgeo
|9 14231
|
| 655 |
|
7 |
|a monografie
|2 SNKPH
|9 70139
|
| 852 |
|
|
|a Slovenská národná knižnica
|
| 954 |
|
|
|a odborná, vedecká literatúra pôvodná (slovenská)
|2 lita
|
| 958 |
|
|
|a OND
|
| 958 |
|
|
|a NB
|
| 958 |
|
|
|a TL
|
| 958 |
|
|
|a SP
|
| 958 |
|
|
|a RK
|
| 999 |
|
|
|c 707397
|d 709327
|
| 952 |
|
|
|a SNK
|b SNK
|y PREZ
|7 0
|p 17A0820039
|o snkSC 47370
|0 0
|1 0
|4 0
|d 2012-07-31
|l 0
|r 2025-10-29 00:00:00
|w 2026-02-23
|
| 952 |
|
|
|t P60, <04>, [BOOK], {604}
|a SNK
|b SNK
|y VYP
|7 0
|p 17A0227635
|o snkSC 47370 D1
|0 0
|1 0
|4 0
|d 2000-02-09
|l 0
|r 2004-12-31 00:00:00
|w 2026-02-23
|